Human rights in Africa : cross-cultural perspectives / (Record no. 414)
| 000 -LEADER | |
|---|---|
| fixed length control field | 01127pam a2200289 a 4500 |
| 001 - CONTROL NUMBER | |
| control field | 4835246 |
| 003 - CONTROL NUMBER IDENTIFIER | |
| control field | OSt |
| 005 - DATE AND TIME OF LATEST TRANSACTION | |
| control field | 20140116120827.0 |
| 008 - FIXED-LENGTH DATA ELEMENTS--GENERAL INFORMATION | |
| fixed length control field | 900507s1990 dcu b 001 0 eng |
| 010 ## - LIBRARY OF CONGRESS CONTROL NUMBER | |
| LC control number | 90037742 |
| 020 ## - INTERNATIONAL STANDARD BOOK NUMBER | |
| International Standard Book Number | 9780815717959 |
| 040 ## - CATALOGING SOURCE | |
| Original cataloging agency | DLC |
| Transcribing agency | DLC |
| Modifying agency | DLC |
| 043 ## - GEOGRAPHIC AREA CODE | |
| Geographic area code | f------ |
| 050 00 - LIBRARY OF CONGRESS CALL NUMBER | |
| Classification number | JC599.A56 1990 |
| 245 00 - TITLE STATEMENT | |
| Title | Human rights in Africa : cross-cultural perspectives / |
| Statement of responsibility, etc | Abdullahi Ahmed An-Naʻim, Francis M. Deng, editors. |
| 260 ## - PUBLICATION, DISTRIBUTION, ETC. (IMPRINT) | |
| Place of publication, distribution, etc | Washington, D.C. : |
| Name of publisher, distributor, etc | The Brookings Institution, |
| Date of publication, distribution, etc | 1990. |
| 300 ## - PHYSICAL DESCRIPTION | |
| Extent | xv, 399 p. |
| 504 ## - BIBLIOGRAPHY, ETC. NOTE | |
| Bibliography, etc | Includes bibliographical references and indexes. |
| 505 ## - FORMATTED CONTENTS NOTE | |
| Formatted contents note | Western cultural cultural origins-- Religious perspectives-- The context of the nation state-- African cultural perspctives-- Prospects for a cross-cultural approach |
| 650 #0 - SUBJECT ADDED ENTRY--TOPICAL TERM | |
| Topical term or geographic name as entry element | Human rights |
| Geographic subdivision | Africa. |
| 650 #0 - SUBJECT ADDED ENTRY--TOPICAL TERM | |
| Topical term or geographic name as entry element | Human rights |
| General subdivision | Cross-cultural studies. |
| 700 1# - ADDED ENTRY--PERSONAL NAME | |
| Personal name | Naʻīm, Abd Allāh Aḥmad |
| 700 1# - ADDED ENTRY--PERSONAL NAME | |
| Personal name | Deng, Francis Mading |
| 906 ## - LOCAL DATA ELEMENT F, LDF (RLIN) | |
| a | 7 |
| b | cbc |
| c | orignew |
| d | 1 |
| e | ocip |
| f | 19 |
| g | y-gencatlg |
| 942 ## - ADDED ENTRY ELEMENTS (KOHA) | |
| Source of classification or shelving scheme | |
| Koha item type | Book |
| Withdrawn status | Lost status | Source of classification or shelving scheme | Damaged status | Not for loan | Home library | Current library | Date acquired | Source of acquisition | Total Checkouts | Full call number | Barcode | Date last seen | Copy number | Price effective from | Koha item type | Date checked out |
|---|---|---|---|---|---|---|---|---|---|---|---|---|---|---|---|---|
| Riara University Library | Riara University Library | 19/10/2011 | Purchase | JC599.A56 1990 | 1135/11 | 19/10/2011 | C.1 | 19/10/2011 | Book | |||||||
| Riara University Library | Riara University Library | 19/10/2011 | Purchase | 4 | JC599.A56 1990 | 1134/11 | 26/10/2021 | C.2 | 19/10/2011 | Book | 27/09/2021 | |||||
| Riara University Library | Riara University Library | 19/10/2011 | Purchase | 3 | JC599.A56 1990 | 1136/11 | 21/06/2018 | C.3 | 19/10/2011 | Book | 14/06/2018 |
